| 000 | nam a22 7a 4500 | ||
|---|---|---|---|
| 999 |
_c3885 _d3885 |
||
| 005 | 20170524115757.0 | ||
| 008 | 170524b1985 my ||||| |||| 00| 0 may d | ||
| 020 | _a9679490203 | ||
| 040 | _aAKMAL | ||
| 082 | _a899.233 OSM | ||
| 090 |
_a899.233 _bOSM |
||
| 100 | 0 |
_aOsman Dol _97664 |
|
| 245 | 1 | 0 |
_aLari dari neraka / _c (Osman Dol) |
| 260 |
_aSubang Jaya : _bPenerbitan Sarjana , _c1985 |
||
| 300 |
_a162ms. ; _c19 cm |
||
| 650 | 0 |
_aMalay fiction _92141 |
|
| 942 |
_2ddc _cBOOK |
||